[Event "Blitz 2018"]
[Site "Saint-Petersburg"]
[Date "2018.12.29"]
[Round "10"]
[Board "87"]
[White "Makarov Marat (RUS)"]
[Black "Hirneise Jens (GER)"]
[Result "0-1"]
[BlackElo "2363"]
[WhiteElo "2505"]
[LiveChessVersion "1.4.8"]

1. d4 {[%clk 0:03:00]} Nf6 {[%clk 0:03:01]} 2. c4 {[%clk 0:03:01]} g6
{[%clk 0:03:02]} 3. Nf3 {[%clk 0:03:01]} Bg7 {[%clk 0:03:03]} 4. g3
{[%clk 0:03:01]} O-O {[%clk 0:03:04]} 5. Bg2 {[%clk 0:03:02]} d6 {[%clk 0:03:05]}
6. O-O {[%clk 0:03:02]} Nc6 {[%clk 0:03:06]} 7. Nc3 {[%clk 0:03:02]} Bf5
{[%clk 0:03:06]} 8. d5 {[%clk 0:03:00]} Na5 {[%clk 0:03:07]} 9. Nd4
{[%clk 0:03:00]} Bd7 {[%clk 0:03:08]} 10. b3 {[%clk 0:02:58]} c5 {[%clk 0:03:08]}
11. Nc2 {[%clk 0:02:59]} a6 {[%clk 0:03:04]} 12. Qd3 {[%clk 0:02:54]} Rb8
{[%clk 0:03:00]} 13. Rb1 {[%clk 0:02:54]} b5 {[%clk 0:02:59]} 14. Bd2
{[%clk 0:02:44]} Qc7 {[%clk 0:02:49]} 15. h3 {[%clk 0:02:44]} bxc4
{[%clk 0:02:34]} 16. bxc4 {[%clk 0:02:45]} Rxb1 {[%clk 0:02:34]} 17. Rxb1
{[%clk 0:02:45]} Rb8 {[%clk 0:02:34]} 18. e4 {[%clk 0:02:38]} Rxb1+
{[%clk 0:02:06]} 19. Nxb1 {[%clk 0:02:38]} Qb6 {[%clk 0:02:07]} 20. Ne3
{[%clk 0:02:29]} Ne8 {[%clk 0:02:04]} 21. Kh2 {[%clk 0:01:38]} Nb7
{[%clk 0:01:52]} 22. Qb3 {[%clk 0:01:29]} Qxb3 {[%clk 0:01:48]} 23. axb3
{[%clk 0:01:30]} a5 {[%clk 0:01:48]} 24. Bf3 {[%clk 0:01:27]} a4 {[%clk 0:01:48]}
25. Bd1 {[%clk 0:01:26]} axb3 {[%clk 0:01:47]} 26. Bxb3 {[%clk 0:01:27]} Nc7
{[%clk 0:01:40]} 27. f4 {[%clk 0:01:20]} Bd4 {[%clk 0:01:17]} 28. Kg2
{[%clk 0:01:19]} Bxe3 {[%clk 0:00:34]} 29. Bxe3 {[%clk 0:01:20]} Na5
{[%clk 0:00:36]} 30. Ba2 {[%clk 0:01:17]} Na6 {[%clk 0:00:37]} 31. Nd2
{[%clk 0:00:59]} Nb4 {[%clk 0:00:34]} 32. Bb1 {[%clk 0:01:00]} Ba4
{[%clk 0:00:35]} 33. Kf2 {[%clk 0:00:57]} Nb3 {[%clk 0:00:28]} 34. Ke1
{[%clk 0:00:50]} Nxd2 {[%clk 0:00:12]} 35. Kxd2 {[%clk 0:00:51]} Bb3
{[%clk 0:00:11]} 36. Kc3 {[%clk 0:00:44]} Ba2 {[%clk 0:00:06]} 37. Bxa2
{[%clk 0:00:41]} Nxa2+ {[%clk 0:00:07]} 38. Kd2 {[%clk 0:00:24]} Kf8
{[%clk 0:00:04]} 39. Bf2 {[%clk 0:00:22]} Ke8 {[%clk 0:00:05]} 40. Be1
{[%clk 0:00:20]} Nb4 {[%clk 0:00:05]} 41. Kd1 {[%clk 0:00:17]} Nd3
{[%clk 0:00:05]} 42. Bc3 {[%clk 0:00:11]} Nf2+ {[%clk 0:00:06]} 43. Ke2
{[%clk 0:00:11]} Nxe4 {[%clk 0:00:07]} 44. Bb2 {[%clk 0:00:13]} Nxg3+
{[%clk 0:00:08]} 45. Kf3 {[%clk 0:00:13]} Nf5 {[%clk 0:00:09]} 46. Bc3
{[%clk 0:00:13]} Kd7 {[%clk 0:00:06]} 47. Kf2 {[%clk 0:00:13]} Nh6
{[%clk 0:00:05]} 48. Kf3 {[%clk 0:00:14]} Ng8 {[%clk 0:00:06]} 49. Kf2
{[%clk 0:00:15]} Nf6 {[%clk 0:00:07]} 50. Kf3 {[%clk 0:00:17]} Ne8
{[%clk 0:00:09]} 51. Kf2 {[%clk 0:00:18]} Nc7 {[%clk 0:00:10]} 52. Ke3
{[%clk 0:00:18]} Na8 {[%clk 0:00:10]} 53. Ba5 {[%clk 0:00:19]} Nc7
{[%clk 0:00:10]} 54. Bc3 {[%clk 0:00:20]} e6 {[%clk 0:00:10]} 55. dxe6+
{[%clk 0:00:19]} Kxe6 {[%clk 0:00:10]} 56. Ke4 {[%clk 0:00:20]} Ne8
{[%clk 0:00:08]} 57. f5+ {[%clk 0:00:20]} gxf5+ {[%clk 0:00:09]} 58. Kf4
{[%clk 0:00:21]} f6 {[%clk 0:00:08]} 59. h4 {[%clk 0:00:22]} h5 {[%clk 0:00:09]}
60. Kf3 {[%clk 0:00:22]} Nc7 {[%clk 0:00:08]} 61. Ba1 {[%clk 0:00:23]} Na8
{[%clk 0:00:09]} 62. Ke3 {[%clk 0:00:23]} Nb6 {[%clk 0:00:10]} 63. Kd3
{[%clk 0:00:25]} Nd7 {[%clk 0:00:05]} 64. Bb2 {[%clk 0:00:22]} Ne5+
{[%clk 0:00:07]} 65. Kc3 {[%clk 0:00:23]} Nf3 {[%clk 0:00:07]} 66. Bc1
{[%clk 0:00:22]} Nxh4 {[%clk 0:00:08]} 67. Kd3 {[%clk 0:00:23]} Nf3
{[%clk 0:00:08]} 68. Ke3 {[%clk 0:00:23]} Ne5 {[%clk 0:00:09]} 69. Kd4 0-1

[Event "Blitz 2018"]
[Site "Saint-Petersburg"]
[Date "2018.12.29"]
[Round "10"]
[Board "88"]
[White "Gurvich Vitaly (RUS)"]
[Black "Hirneise Tobias (GER)"]
[Result "1/2-1/2"]
[BlackElo "2472"]
[WhiteElo "2302"]
[LiveChessVersion "1.4.8"]

1. c4 {[%clk 0:03:03]} Nf6 {[%clk 0:03:02]} 2. Nc3 {[%clk 0:03:03]} g6
{[%clk 0:03:03]} 3. e4 {[%clk 0:03:04]} d6 {[%clk 0:03:04]} 4. d4
{[%clk 0:03:05]} Bg7 {[%clk 0:03:06]} 5. Be2 {[%clk 0:03:02]} O-O
{[%clk 0:03:06]} 6. Nf3 {[%clk 0:03:02]} e5 {[%clk 0:03:08]} 7. d5
{[%clk 0:03:04]} a5 {[%clk 0:03:07]} 8. Bg5 {[%clk 0:03:04]} h6 {[%clk 0:03:08]}
9. Bh4 {[%clk 0:03:05]} Na6 {[%clk 0:03:09]} 10. Nd2 {[%clk 0:03:03]} Bd7
{[%clk 0:03:09]} 11. O-O {[%clk 0:03:03]} Qe8 {[%clk 0:03:08]} 12. a3
{[%clk 0:02:54]} a4 {[%clk 0:02:59]} 13. Nb5 {[%clk 0:02:51]} Bxb5
{[%clk 0:02:57]} 14. cxb5 {[%clk 0:02:52]} Nc5 {[%clk 0:02:59]} 15. Qc2
{[%clk 0:02:53]} h5 {[%clk 0:02:52]} 16. f3 {[%clk 0:02:50]} Nfd7
{[%clk 0:02:49]} 17. b4 {[%clk 0:02:05]} axb3 {[%clk 0:02:48]} 18. Nxb3
{[%clk 0:02:06]} Nxb3 {[%clk 0:02:44]} 19. Qxb3 {[%clk 0:02:07]} Nc5
{[%clk 0:02:44]} 20. Qc2 {[%clk 0:02:08]} Bh6 {[%clk 0:02:39]} 21. Bf2
{[%clk 0:02:07]} b6 {[%clk 0:02:36]} 22. a4 {[%clk 0:02:02]} Ra7 {[%clk 0:02:31]}
23. g3 {[%clk 0:01:43]} Qe7 {[%clk 0:02:28]} 24. Ra3 {[%clk 0:01:22]} Rfa8
{[%clk 0:02:28]} 25. Rfa1 {[%clk 0:01:19]} Kg7 {[%clk 0:02:23]} 26. Kg2
{[%clk 0:01:17]} Qf6 {[%clk 0:02:16]} 27. a5 {[%clk 0:01:07]} bxa5
{[%clk 0:01:56]} 28. Bxc5 {[%clk 0:01:06]} dxc5 {[%clk 0:01:57]} 29. Qxc5
{[%clk 0:01:06]} Kg8 {[%clk 0:01:56]} 30. Qc3 {[%clk 0:00:53]} Bf8
{[%clk 0:01:56]} 31. Rxa5 {[%clk 0:00:47]} Rxa5 {[%clk 0:01:42]} 32. Rxa5
{[%clk 0:00:48]} Rxa5 {[%clk 0:01:40]} 33. Qxa5 {[%clk 0:00:49]} Qb6
{[%clk 0:01:40]} 34. Qxb6 cxb6 {[%clk 0:01:42]} 35. f4 {[%clk 0:00:47]} Bd6
{[%clk 0:01:27]} 36. Kf3 {[%clk 0:00:43]} Kg7 {[%clk 0:01:24]} 37. Bd3
{[%clk 0:00:32]} Bc7 {[%clk 0:01:25]} 38. Bc2 Bd6 39. Bb3 {[%clk 0:00:31]} Bc7
{[%clk 0:01:27]} 40. h3 {[%clk 0:00:26]} Bd6 {[%clk 0:01:28]} 1/2-1/2

[Event "Blitz 2018"]
[Site "Saint-Petersburg"]
[Date "2018.12.29"]
[Round "10"]
[Board "89"]
[White "Shinkevich Vitaly (RUS)"]
[Black "Fakhrutdinov Timur (RUS)"]
[Result "1/2-1/2"]
[BlackElo "2357"]
[WhiteElo "2445"]
[LiveChessVersion "1.4.8"]

1. d4 {[%clk 0:03:03]} Nf6 {[%clk 0:03:03]} 2. Nf3 d5 3. c4 {[%clk 0:03:05]} e6
{[%clk 0:03:06]} 4. Nc3 {[%clk 0:03:06]} dxc4 {[%clk 0:03:07]} 5. e3
{[%clk 0:02:59]} a6 {[%clk 0:03:07]} 6. a4 {[%clk 0:03:00]} c5 {[%clk 0:03:08]}
7. Bxc4 {[%clk 0:03:01]} Nc6 {[%clk 0:03:09]} 8. O-O {[%clk 0:03:01]} Be7
{[%clk 0:03:10]} 9. Qe2 {[%clk 0:02:49]} cxd4 {[%clk 0:03:10]} 10. Rd1
{[%clk 0:02:44]} e5 {[%clk 0:03:10]} 11. exd4 {[%clk 0:02:44]} exd4
{[%clk 0:03:10]} 12. Nxd4 {[%clk 0:02:36]} Nxd4 {[%clk 0:03:10]} 13. Qe5
{[%clk 0:02:37]} Qd6 {[%clk 0:03:11]} 14. Qxd6 {[%clk 0:02:38]} Bxd6
{[%clk 0:03:12]} 15. Rxd4 {[%clk 0:02:39]} Bc5 {[%clk 0:02:57]} 16. Rf4
{[%clk 0:02:31]} Be6 {[%clk 0:02:34]} 17. Bxe6 {[%clk 0:02:23]} fxe6
{[%clk 0:02:34]} 18. Rc4 {[%clk 0:02:22]} Bd6 {[%clk 0:02:08]} 19. Be3
{[%clk 0:02:20]} Ke7 {[%clk 0:01:55]} 20. Ne4 {[%clk 0:01:58]} Nd5
{[%clk 0:01:01]} 21. Bd4 {[%clk 0:01:35]} Rhg8 {[%clk 0:00:35]} 22. Re1
{[%clk 0:01:35]} h6 {[%clk 0:00:26]} 23. h4 {[%clk 0:01:23]} Rad8
{[%clk 0:00:14]} 24. Nxd6 {[%clk 0:01:02]} Kxd6 {[%clk 0:00:13]} 25. Be5+
{[%clk 0:01:02]} Ke7 {[%clk 0:00:06]} 26. h5 {[%clk 0:00:47]} g6 {[%clk 0:00:06]}
27. hxg6 {[%clk 0:00:48]} Rxg6 {[%clk 0:00:08]} 28. g3 {[%clk 0:00:44]} h5
{[%clk 0:00:04]} 29. Kg2 {[%clk 0:00:30]} Rf8 {[%clk 0:00:05]} 30. Rh1
{[%clk 0:00:21]} Rf5 {[%clk 0:00:06]} 31. Re4 {[%clk 0:00:17]} Nf6
{[%clk 0:00:05]} 32. Bxf6+ {[%clk 0:00:17]} Rgxf6 {[%clk 0:00:05]} 33. f4
{[%clk 0:00:17]} b5 {[%clk 0:00:06]} 34. axb5 {[%clk 0:00:14]} Rxb5
{[%clk 0:00:07]} 35. b4 {[%clk 0:00:14]} Rff5 {[%clk 0:00:06]} 36. Ra1
{[%clk 0:00:14]} a5 {[%clk 0:00:06]} 37. bxa5 {[%clk 0:00:14]} Rxa5
{[%clk 0:00:07]} 38. Rxa5 {[%clk 0:00:15]} Rxa5 {[%clk 0:00:09]} 39. Kh3
{[%clk 0:00:11]} Kf6 {[%clk 0:00:09]} 40. Kh4 {[%clk 0:00:10]} Rd5
{[%clk 0:00:05]} 41. Rb4 {[%clk 0:00:11]} Rd3 {[%clk 0:00:04]} 42. Rb5
{[%clk 0:00:09]} Rd1 {[%clk 0:00:03]} 43. Rxh5 {[%clk 0:00:09]} Rh1+
{[%clk 0:00:04]} 44. Kg4 {[%clk 0:00:11]} Re1 {[%clk 0:00:05]} 45. Rb5
{[%clk 0:00:11]} Rf1 {[%clk 0:00:05]} 46. Rc5 {[%clk 0:00:12]} Rd1
{[%clk 0:00:06]} 47. Ra5 {[%clk 0:00:14]} Rd3 {[%clk 0:00:07]} 48. Rc5
{[%clk 0:00:15]} Rd1 {[%clk 0:00:08]} 49. Rb5 {[%clk 0:00:16]} Ra1
{[%clk 0:00:09]} 50. Rc5 {[%clk 0:00:17]} Rb1 {[%clk 0:00:10]} 51. Rc6
{[%clk 0:00:18]} Rb4 {[%clk 0:00:08]} 52. Ra6 {[%clk 0:00:19]} Rc4
{[%clk 0:00:09]} 53. Ra5 {[%clk 0:00:20]} Rb4 {[%clk 0:00:09]} 54. Rh5
{[%clk 0:00:21]} Kg6 {[%clk 0:00:07]} 55. Rg5+ {[%clk 0:00:22]} Kf6
{[%clk 0:00:08]} 56. Rh5 {[%clk 0:00:24]} Kg6 {[%clk 0:00:10]} 57. Re5
{[%clk 0:00:25]} Kf6 {[%clk 0:00:11]} 58. Rc5 {[%clk 0:00:26]} Ra4
{[%clk 0:00:11]} 59. Rb5 {[%clk 0:00:28]} Rc4 {[%clk 0:00:13]} 60. Ra5
{[%clk 0:00:29]} Rb4 {[%clk 0:00:14]} 61. Rh5 {[%clk 0:00:30]} Kg6
{[%clk 0:00:15]} 62. Rg5+ {[%clk 0:00:31]} Kf6 {[%clk 0:00:16]} 63. Re5
{[%clk 0:00:30]} Ra4 {[%clk 0:00:17]} 64. Rc5 {[%clk 0:00:31]} Rb4
{[%clk 0:00:17]} 65. Ra5 {[%clk 0:00:32]} Rc4 {[%clk 0:00:18]} 66. Ra6
{[%clk 0:00:34]} Rb4 {[%clk 0:00:18]} 67. Kh5 {[%clk 0:00:32]} Rb5+
{[%clk 0:00:16]} 68. Kg4 {[%clk 0:00:33]} Rb4 {[%clk 0:00:17]} 69. Rc6
{[%clk 0:00:34]} Ra4 {[%clk 0:00:17]} 70. Rb6 {[%clk 0:00:35]} Rc4
{[%clk 0:00:18]} 71. Ra6 {[%clk 0:00:36]} Rb4 {[%clk 0:00:19]} 72. Rd6
{[%clk 0:00:37]} Ra4 {[%clk 0:00:19]} 73. Rc6 {[%clk 0:00:38]} Rb4
{[%clk 0:00:21]} 74. Kh5 {[%clk 0:00:39]} Rb3 {[%clk 0:00:16]} 75. Kh4
{[%clk 0:00:39]} Rb4 {[%clk 0:00:17]} 76. Kg4 {[%clk 0:00:39]} Ra4
{[%clk 0:00:18]} 77. Rb6 {[%clk 0:00:40]} Rc4 {[%clk 0:00:19]} 78. Rd6
{[%clk 0:00:41]} Ke7 {[%clk 0:00:15]} 79. Ra6 {[%clk 0:00:42]} e5
{[%clk 0:00:10]} 80. Kg5 {[%clk 0:00:24]} exf4 {[%clk 0:00:10]} 81. gxf4
{[%clk 0:00:25]} Rc1 {[%clk 0:00:07]} 82. Ra7+ {[%clk 0:00:26]} Kf8
{[%clk 0:00:08]} 83. f5 {[%clk 0:00:26]} Rc6 {[%clk 0:00:08]} 84. f6
{[%clk 0:00:23]} Rc1 {[%clk 0:00:09]} 1/2-1/2

[Event "Blitz 2018"]
[Site "Saint-Petersburg"]
[Date "2018.12.29"]
[Round "10"]
[Board "90"]
[White "Apryshko Gleb (RUS)"]
[Black "Yeritsyan Aram (RUS)"]
[Result "1-0"]
[BlackElo "2191"]
[WhiteElo "2416"]
[LiveChessVersion "1.4.8"]

1. Nf3 {[%clk 0:03:02]} Nf6 {[%clk 0:03:04]} 2. g3 {[%clk 0:03:02]} b5
{[%clk 0:03:00]} 3. Bg2 {[%clk 0:02:59]} Bb7 {[%clk 0:03:01]} 4. Na3
{[%clk 0:02:55]} a6 {[%clk 0:02:59]} 5. c4 {[%clk 0:02:56]} e5 {[%clk 0:02:59]}
6. b3 {[%clk 0:02:33]} Bc5 {[%clk 0:03:00]} 7. Bb2 {[%clk 0:02:16]} Qe7
{[%clk 0:03:00]} 8. Qc1 {[%clk 0:02:08]} b4 {[%clk 0:02:21]} 9. Nc2
{[%clk 0:02:09]} d6 {[%clk 0:02:20]} 10. O-O {[%clk 0:02:04]} Nbd7
{[%clk 0:02:19]} 11. e3 {[%clk 0:02:04]} e4 {[%clk 0:02:19]} 12. Nfe1
{[%clk 0:01:58]} Ne5 {[%clk 0:02:16]} 13. d4 {[%clk 0:01:55]} exd3
{[%clk 0:02:12]} 14. Bxb7 {[%clk 0:01:56]} Ra7 {[%clk 0:02:07]} 15. Bxe5
{[%clk 0:01:56]} Rxb7 {[%clk 0:01:44]} 16. Bxf6 {[%clk 0:01:57]} Qxf6
{[%clk 0:01:45]} 17. Nxd3 {[%clk 0:01:57]} h5 {[%clk 0:01:44]} 18. Nxc5 dxc5 19.
e4 {[%clk 0:01:34]} g5 {[%clk 0:01:24]} 20. Ne3 {[%clk 0:01:26]} h4
{[%clk 0:01:23]} 21. Nd5 {[%clk 0:01:12]} Qe5 {[%clk 0:01:12]} 22. f4
{[%clk 0:01:12]} Qe6 {[%clk 0:01:09]} 23. f5 {[%clk 0:01:04]} Qh6
{[%clk 0:01:01]} 24. Qb2 {[%clk 0:00:39]} hxg3 {[%clk 0:00:43]} 25. Qe5+
{[%clk 0:00:40]} Kf8 {[%clk 0:00:40]} 26. Qxg3 {[%clk 0:00:41]} c6
{[%clk 0:00:40]} 27. Ne3 {[%clk 0:00:38]} Rd7 {[%clk 0:00:38]} 28. Rad1
{[%clk 0:00:38]} Rd4 {[%clk 0:00:38]} 29. Rxd4 {[%clk 0:00:34]} cxd4
{[%clk 0:00:40]} 30. Ng4 {[%clk 0:00:34]} Qh5 {[%clk 0:00:30]} 31. c5
{[%clk 0:00:24]} d3 {[%clk 0:00:15]} 32. Rd1 {[%clk 0:00:24]} f6 {[%clk 0:00:06]}
33. Qd6+ {[%clk 0:00:21]} Kg7 {[%clk 0:00:08]} 34. Qxf6+ {[%clk 0:00:22]} Kg8
{[%clk 0:00:09]} 35. Qe6+ {[%clk 0:00:17]} Kf8 {[%clk 0:00:08]} 36. f6
{[%clk 0:00:10]} Rh7 {[%clk 0:00:04]} 37. Rxd3 {[%clk 0:00:07]} 1-0

[Event "Blitz 2018"]
[Site "Saint-Petersburg"]
[Date "2018.12.29"]
[Round "10"]
[Board "91"]
[White "Minko Vladimir (RUS)"]
[Black "Dubrovin Robert (EST)"]
[Result "0-1"]
[BlackElo "2176"]
[WhiteElo "2403"]
[LiveChessVersion "1.4.8"]

1. d4 {[%clk 0:03:01]} Nf6 {[%clk 0:03:04]} 2. c4 {[%clk 0:03:02]} g6
{[%clk 0:03:05]} 3. Nf3 Bg7 4. g3 {[%clk 0:03:03]} O-O {[%clk 0:03:09]} 5. Bg2
{[%clk 0:03:04]} d6 {[%clk 0:03:10]} 6. Nc3 {[%clk 0:03:04]} Nbd7
{[%clk 0:03:11]} 7. O-O e5 8. h3 {[%clk 0:03:04]} c6 {[%clk 0:03:12]} 9. e4
{[%clk 0:03:04]} exd4 {[%clk 0:03:13]} 10. Nxd4 Nc5 11. Re1 {[%clk 0:02:57]} Re8
{[%clk 0:03:16]} 12. Bf4 {[%clk 0:02:53]} Nh5 {[%clk 0:03:10]} 13. Be3
{[%clk 0:02:52]} Nf6 {[%clk 0:03:12]} 14. f3 {[%clk 0:02:49]} Nfd7
{[%clk 0:03:06]} 15. Re2 {[%clk 0:02:46]} Ne5 {[%clk 0:03:04]} 16. b3
{[%clk 0:02:43]} a5 {[%clk 0:03:06]} 17. Rd2 {[%clk 0:02:33]} Qe7
{[%clk 0:02:48]} 18. Nde2 {[%clk 0:02:28]} Bxh3 {[%clk 0:01:44]} 19. Rxd6
{[%clk 0:02:12]} Bxg2 {[%clk 0:01:31]} 20. Kxg2 {[%clk 0:02:09]} Ne6
{[%clk 0:01:22]} 21. Qd2 {[%clk 0:01:54]} Rad8 {[%clk 0:01:22]} 22. Rd1
{[%clk 0:01:52]} Rxd6 {[%clk 0:00:59]} 23. Qxd6 {[%clk 0:01:51]} Qf6
{[%clk 0:00:57]} 24. f4 {[%clk 0:01:35]} Ng4 {[%clk 0:00:58]} 25. Bb6
{[%clk 0:01:33]} c5 {[%clk 0:00:43]} 26. Rd3 {[%clk 0:01:18]} h5 {[%clk 0:00:39]}
27. Qd7 {[%clk 0:01:04]} Re7 {[%clk 0:00:31]} 28. Qc8+ Kh7 29. Nd5
{[%clk 0:00:59]} Qb2 {[%clk 0:00:33]} 30. Kf3 {[%clk 0:00:36]} Qb1
{[%clk 0:00:34]} 31. Nc1 {[%clk 0:00:11]} Qxc1 {[%clk 0:00:34]} 32. Ke2
{[%clk 0:00:11]} Nd4+ {[%clk 0:00:26]} 33. Rxd4 Bxd4 34. Nxe7 {[%clk 0:00:04]}
Qc2+ {[%clk 0:00:16]} 35. Ke1 {[%clk 0:00:04]} Bc3+ {[%clk 0:00:12]} 0-1

[Event "Blitz 2018"]
[Site "Saint-Petersburg"]
[Date "2018.12.29"]
[Round "10"]
[Board "92"]
[White "Kobo Ori (ISR)"]
[Black "Zakhartsov Vladimir (RUS)"]
[Result "0-1"]
[BlackElo "2567"]
[WhiteElo "2401"]
[LiveChessVersion "1.4.8"]

1. Nf3 {[%clk 0:03:02]} c5 {[%clk 0:03:03]} 2. c4 {[%clk 0:03:03]} g6
{[%clk 0:03:04]} 3. d4 {[%clk 0:03:03]} cxd4 {[%clk 0:03:05]} 4. Nxd4
{[%clk 0:03:05]} Bg7 {[%clk 0:03:06]} 5. e4 {[%clk 0:03:05]} Nc6 {[%clk 0:03:08]}
6. Be3 {[%clk 0:03:05]} Nf6 {[%clk 0:03:08]} 7. Nc3 d6 8. Be2 {[%clk 0:03:06]}
O-O {[%clk 0:03:09]} 9. O-O {[%clk 0:03:05]} Nxd4 {[%clk 0:03:10]} 10. Bxd4
{[%clk 0:03:06]} Bd7 {[%clk 0:03:11]} 11. h3 {[%clk 0:03:03]} a5 {[%clk 0:03:12]}
12. Qc2 {[%clk 0:02:47]} Bc6 {[%clk 0:03:08]} 13. Rad1 {[%clk 0:02:48]} Nd7
{[%clk 0:03:08]} 14. Bxg7 {[%clk 0:02:35]} Kxg7 {[%clk 0:03:09]} 15. Bg4
{[%clk 0:02:26]} Ne5 {[%clk 0:02:47]} 16. c5 {[%clk 0:02:27]} h5 {[%clk 0:02:15]}
17. Be2 {[%clk 0:02:25]} Rc8 {[%clk 0:02:15]} 18. f4 {[%clk 0:02:19]} Nd7
{[%clk 0:02:12]} 19. cxd6 {[%clk 0:02:20]} Qb6+ {[%clk 0:02:01]} 20. Kh2
{[%clk 0:02:17]} exd6 {[%clk 0:01:58]} 21. Rxd6 {[%clk 0:01:57]} Qc5
{[%clk 0:01:44]} 22. Qd2 {[%clk 0:01:48]} Nf6 {[%clk 0:01:30]} 23. Bf3
{[%clk 0:01:29]} Ne8 {[%clk 0:01:20]} 24. Qd4+ {[%clk 0:01:24]} Qxd4 25. Rxd4 Nc7
{[%clk 0:01:22]} 26. g3 {[%clk 0:01:18]} h4 {[%clk 0:01:18]} 27. Rfd1
{[%clk 0:00:56]} Rce8 {[%clk 0:01:00]} 28. Kg2 {[%clk 0:00:47]} hxg3
{[%clk 0:01:00]} 29. Kxg3 {[%clk 0:00:48]} Ne6 {[%clk 0:01:01]} 30. Rd6
{[%clk 0:00:44]} Nc5 {[%clk 0:00:51]} 31. e5 {[%clk 0:00:39]} Bxf3
{[%clk 0:00:51]} 32. Kxf3 Rh8 33. Kg3 {[%clk 0:00:29]} Rh5 {[%clk 0:00:51]} 34.
R1d5 {[%clk 0:00:27]} Ne6 {[%clk 0:00:48]} 35. Ne4 {[%clk 0:00:26]} Reh8
{[%clk 0:00:47]} 36. Rxe6 {[%clk 0:00:15]} Rxh3+ 37. Kf2 Rh2+ {[%clk 0:00:38]}
38. Ke3 {[%clk 0:00:15]} R8h3+ 39. Kd4 fxe6 40. Rd7+ Kf8 {[%clk 0:00:30]} 41.
Rxb7 {[%clk 0:00:18]} Rf3 {[%clk 0:00:20]} 42. Ng5 {[%clk 0:00:13]} Rxf4+
{[%clk 0:00:18]} 43. Kc5 {[%clk 0:00:14]} Rb4 {[%clk 0:00:13]} 44. Nxe6+
{[%clk 0:00:14]} Ke8 {[%clk 0:00:12]} 45. Ng7+ {[%clk 0:00:07]} Kd8
{[%clk 0:00:11]} 46. Ra7 {[%clk 0:00:05]} Rc2+ {[%clk 0:00:09]} 47. Kd5
{[%clk 0:00:05]} Rcxb2 {[%clk 0:00:08]} 48. e6 {[%clk 0:00:05]} Rb7
{[%clk 0:00:06]} 49. Ra8+ {[%clk 0:00:04]} Rb8 {[%clk 0:00:06]} 50. Rxa5
{[%clk 0:00:05]} R2b5+ 51. Rxb5 Rxb5+ 52. Kd6 Rb6+ {[%clk 0:00:08]} 53. Ke5
{[%clk 0:00:07]} Ke7 {[%clk 0:00:08]} 54. a4 {[%clk 0:00:06]} Ra6
{[%clk 0:00:08]} 55. Kf4 {[%clk 0:00:04]} Kf6 {[%clk 0:00:05]} 56. Ne8+
{[%clk 0:00:05]} Ke7 {[%clk 0:00:05]} 57. Nc7 {[%clk 0:00:06]} Ra5
{[%clk 0:00:04]} 58. Kg4 {[%clk 0:00:04]} Rc5 {[%clk 0:00:04]} 59. Nb5
{[%clk 0:00:04]} Kxe6 {[%clk 0:00:05]} 60. Nd4+ {[%clk 0:00:04]} Kf6
{[%clk 0:00:06]} 61. Nf3 {[%clk 0:00:00]} Rc4+ {[%clk 0:00:06]} 62. Kg3 Rxa4 0-1

[Event "Blitz 2018"]
[Site "Saint-Petersburg"]
[Date "2018.12.29"]
[Round "10"]
[Board "93"]
[White "Sokolov Andrei (LAT)"]
[Black "Vlassov Nikolai (RUS)"]
[Result "1-0"]
[BlackElo "2438"]
[WhiteElo "2507"]
[LiveChessVersion "1.4.8"]

1. Nf3 {[%clk 0:03:03]} f5 {[%clk 0:03:03]} 2. c4 {[%clk 0:03:04]} d6
{[%clk 0:03:03]} 3. d4 {[%clk 0:03:04]} Nf6 4. g3 g6 {[%clk 0:03:05]} 5. Bg2
{[%clk 0:03:07]} Bg7 {[%clk 0:03:07]} 6. O-O O-O 7. Nc3 Qe8 8. b3
{[%clk 0:03:05]} e5 {[%clk 0:03:09]} 9. dxe5 {[%clk 0:03:00]} dxe5
{[%clk 0:03:10]} 10. e4 {[%clk 0:02:51]} Nc6 {[%clk 0:02:57]} 11. Ba3
{[%clk 0:02:23]} Rf7 {[%clk 0:02:58]} 12. Re1 {[%clk 0:02:11]} fxe4
{[%clk 0:02:45]} 13. Ng5 {[%clk 0:02:01]} Bg4 {[%clk 0:02:44]} 14. Qc1
{[%clk 0:01:54]} Rd7 {[%clk 0:02:42]} 15. h3 {[%clk 0:01:35]} Bf3
{[%clk 0:02:32]} 16. Nxf3 {[%clk 0:01:28]} exf3 {[%clk 0:02:33]} 17. Bxf3
{[%clk 0:01:29]} Rad8 {[%clk 0:02:28]} 18. Nd5 {[%clk 0:01:07]} Nd4
{[%clk 0:02:22]} 19. Bg2 {[%clk 0:01:09]} c6 {[%clk 0:02:16]} 20. Nxf6+
{[%clk 0:01:03]} Bxf6 {[%clk 0:02:17]} 21. Be4 {[%clk 0:00:51]} Qf7
{[%clk 0:02:18]} 22. Qe3 {[%clk 0:00:46]} b6 {[%clk 0:01:57]} 23. Kg2
{[%clk 0:00:47]} Kg7 {[%clk 0:01:53]} 24. Rac1 {[%clk 0:00:42]} Qe6
{[%clk 0:01:51]} 25. Bb2 {[%clk 0:00:41]} Nf5 {[%clk 0:01:47]} 26. Bxf5
{[%clk 0:00:39]} Qxf5 {[%clk 0:01:47]} 27. Bxe5 {[%clk 0:00:37]} Bxe5
{[%clk 0:01:30]} 28. Qxe5+ {[%clk 0:00:38]} Qxe5 {[%clk 0:01:30]} 29. Rxe5
{[%clk 0:00:39]} Rd2 {[%clk 0:01:11]} 30. Re7+ {[%clk 0:00:36]} Kh6
{[%clk 0:01:12]} 31. Rxa7 {[%clk 0:00:34]} Re8 {[%clk 0:01:10]} 32. Rb7
{[%clk 0:00:25]} Rxa2 {[%clk 0:01:07]} 33. Rxb6 {[%clk 0:00:26]} Ree2
{[%clk 0:01:08]} 34. Rf1 {[%clk 0:00:28]} c5 {[%clk 0:01:05]} 35. Rb5
{[%clk 0:00:28]} Rab2 {[%clk 0:01:06]} 36. Rxc5 {[%clk 0:00:24]} Rxb3
{[%clk 0:01:07]} 37. Rc7 {[%clk 0:00:25]} Rbb2 {[%clk 0:01:08]} 38. h4
{[%clk 0:00:24]} Re4 {[%clk 0:00:58]} 39. Rc1 {[%clk 0:00:21]} Ree2
{[%clk 0:00:58]} 40. Rf7 {[%clk 0:00:22]} Rec2 {[%clk 0:00:58]} 41. Rxc2
{[%clk 0:00:22]} Rxc2 {[%clk 0:00:59]} 42. Rc7 {[%clk 0:00:17]} Rc3
{[%clk 0:00:45]} 43. g4 {[%clk 0:00:13]} g5 {[%clk 0:00:35]} 44. Rc6+
{[%clk 0:00:14]} Kg7 {[%clk 0:00:36]} 45. hxg5 {[%clk 0:00:15]} 1-0

[Event "Blitz 2018"]
[Site "Saint-Petersburg"]
[Date "2018.12.29"]
[Round "10"]
[Board "94"]
[White "Chen Qi B (CHN)"]
[Black "Borisenko Viacheslav (UKR)"]
[Result "1-0"]
[BlackElo "2444"]
[WhiteElo "2416"]
[LiveChessVersion "1.4.8"]

1. e4 {[%clk 0:03:03]} c5 {[%clk 0:03:04]} 2. Nf3 {[%clk 0:03:03]} e6
{[%clk 0:03:05]} 3. Nc3 {[%clk 0:03:04]} Nc6 {[%clk 0:03:05]} 4. d4
{[%clk 0:03:05]} cxd4 {[%clk 0:03:06]} 5. Nxd4 Nf6 6. a3 {[%clk 0:03:02]} Be7
{[%clk 0:03:05]} 7. Be3 {[%clk 0:02:57]} O-O {[%clk 0:03:05]} 8. Be2
{[%clk 0:02:54]} d6 {[%clk 0:03:01]} 9. O-O {[%clk 0:02:53]} Bd7 {[%clk 0:03:00]}
10. f4 {[%clk 0:02:48]} Rc8 {[%clk 0:03:03]} 11. Kh1 {[%clk 0:02:48]} e5
{[%clk 0:02:55]} 12. Nf5 {[%clk 0:02:45]} Bxf5 {[%clk 0:02:41]} 13. exf5
{[%clk 0:02:46]} d5 {[%clk 0:02:34]} 14. fxe5 {[%clk 0:02:36]} Nxe5
{[%clk 0:02:35]} 15. Bd4 {[%clk 0:02:24]} Bd6 {[%clk 0:02:17]} 16. Bf3
{[%clk 0:02:18]} Nxf3 {[%clk 0:02:00]} 17. Qxf3 {[%clk 0:02:19]} Bb8
{[%clk 0:01:58]} 18. Rad1 {[%clk 0:01:52]} Qd6 {[%clk 0:01:24]} 19. Qh3
{[%clk 0:01:52]} Rxc3 {[%clk 0:01:02]} 20. bxc3 {[%clk 0:01:37]} Ne4
{[%clk 0:01:00]} 21. c4 {[%clk 0:01:33]} Rc8 {[%clk 0:00:43]} 22. cxd5
{[%clk 0:01:13]} Rxc2 {[%clk 0:00:42]} 23. Rfe1 {[%clk 0:00:57]} Qf4 24. Be3
{[%clk 0:00:31]} Qd6 {[%clk 0:00:04]} 25. Bg1 {[%clk 0:00:32]} Nf6
{[%clk 0:00:04]} 26. Rc1 {[%clk 0:00:18]} Rxc1 {[%clk 0:00:04]} 27. Rxc1
{[%clk 0:00:19]} h6 {[%clk 0:00:05]} 28. Qf3 {[%clk 0:00:17]} Kh7
{[%clk 0:00:05]} 29. a4 {[%clk 0:00:17]} a6 {[%clk 0:00:05]} 30. Rb1
{[%clk 0:00:18]} Nxd5 {[%clk 0:00:03]} 31. Rd1 {[%clk 0:00:18]} 1-0